00442cam a2200169ua 45000010005000000080039000050200018000440400009000620410008000710820008000791000025000872450075001122500009001872600038001963000016002346530022002507041141120n ii |||gr||||Z||||||eng a9788123761251 cMAIN aeng a320 aDev, Arjun,eEditor.1 a Gandhi- Nehru correspondence : bSelection / cEdited by Arjun Dev .  a1st. aNew Delhi:bNational book,c2011. axxxiv,242p. aPolitical science